| 000 | 00541nam a22001817a 4500 | ||
|---|---|---|---|
| 005 | 20260526164104.0 | ||
| 008 | 260526b |||||||| |||| 00| 0 eng d | ||
| 020 |
_a9788195190843 _c1425.00 |
||
| 040 | _aMAIN | ||
| 041 | _aEnglish | ||
| 082 |
_a370.1523 _bWHE |
||
| 100 |
_aNegi, Juno (ed) _926923 |
||
| 245 |
_aWhere Actions Speak _b: Success stories of Time Learn Programme |
||
| 260 |
_aDehradun _bBishan Singh Mahindra Pal Singh _c2025 |
||
| 300 | _a112 | ||
| 650 |
_aUttarakhand Collection : Himalaya Collection _913 |
||
| 942 | _cBK | ||
| 999 |
_c60896 _d60896 |
||